000 01087nam a2200253Ia 4500
999 _c4920
_d4920
003 OSt
005 20200325170642.0
008 191128s1993 ck a gr 000 0 spa d
020 _a201644975
040 _aCO-JMCR
_cCO-JMCR
082 0 4 _a005.74 /
_bC346c
100 _aCastaño, Miguel, autor
_91874
245 0 _aConcepción y diseño de bases de datos del modelo E/
245 0 _c al modelo relacional : del modelo E/R al modelo relacional / Miguel Castaño
260 _aBogotá :
_bAddison Wesley Iberoamericana,
_c1993
300 _a989 páginas :
_bilustraciones en blanco y negro ;
_c24 cm.
505 _aSistemas de información -- Concepto y objetivos de los sistemas de bases de datos -- El sistema de gestión de la base de datos -- Niveles de abstracción en las bases de datos y arquitectura ansi/X3 /sparc -- probleams de orgacización de entorno
546 _aspa
650 1 4 _aBases de datos
_91875
650 2 4 _aModelo entidad
_xrelación
_91876
700 1 _aVelthuis, Piattini,
_eautor
_91877
700 1 _aGerardo, Mario,
_eautor
_91878
942 _2ddc
_cBK